<?xml version="1.0" encoding="UTF-8"?><marc:collection xmlns:marc="http://www.loc.gov/MARC21/slim">
  <marc:record>
    <marc:leader>08052nam a2200781 c 4500</marc:leader>
    <marc:controlfield tag="001">99373032081006441</marc:controlfield>
    <marc:controlfield tag="003">DE-605</marc:controlfield>
    <marc:controlfield tag="005">20250410161411.0</marc:controlfield>
    <marc:controlfield tag="007">cr#|||||||||||</marc:controlfield>
    <marc:controlfield tag="008">230912s2023    gw |||| o     ||| | ger c</marc:controlfield>
    <marc:datafield tag="024" ind1="7" ind2=" ">
      <marc:subfield code="a">10.4126/FRL01-006461895</marc:subfield>
      <marc:subfield code="2">doi</marc:subfield>
    </marc:datafield>
    <marc:datafield tag="035" ind1=" " ind2=" ">
      <marc:subfield code="a">(DE-605)HT030347625</marc:subfield>
    </marc:datafield>
    <marc:datafield tag="035" ind1=" " ind2=" ">
      <marc:subfield code="a">(DE-599)HBZHT030347625</marc:subfield>
    </marc:datafield>
    <marc:datafield tag="040" ind1=" " ind2=" ">
      <marc:subfield code="a">DE-38M</marc:subfield>
      <marc:subfield code="c">DE-38M</marc:subfield>
      <marc:subfield code="d">DE-38M</marc:subfield>
      <marc:subfield code="e">rda</marc:subfield>
    </marc:datafield>
    <marc:datafield tag="041" ind1=" " ind2=" ">
      <marc:subfield code="a">ger</marc:subfield>
    </marc:datafield>
    <marc:datafield tag="044" ind1=" " ind2=" ">
      <marc:subfield code="c">XA-DE</marc:subfield>
    </marc:datafield>
    <marc:datafield tag="049" ind1=" " ind2=" ">
      <marc:subfield code="a">DE-98</marc:subfield>
    </marc:datafield>
    <marc:datafield tag="049" ind1=" " ind2=" ">
      <marc:subfield code="a">DE-38M</marc:subfield>
    </marc:datafield>
    <marc:datafield tag="082" ind1="0" ind2=" ">
      <marc:subfield code="a">610</marc:subfield>
    </marc:datafield>
    <marc:datafield tag="100" ind1="1" ind2=" ">
      <marc:subfield code="a">Intemann, Timm</marc:subfield>
      <marc:subfield code="4">aut</marc:subfield>
      <marc:subfield code="4">cur</marc:subfield>
      <marc:subfield code="e">Kurator</marc:subfield>
      <marc:subfield code="e">Verfasser</marc:subfield>
    </marc:datafield>
    <marc:datafield tag="110" ind1="2" ind2=" ">
      <marc:subfield code="a">NFDI4Health - Nationale Forschungsdateninfrastruktur für personenbezogene Gesundheitsdaten</marc:subfield>
      <marc:subfield code="g">Projekt</marc:subfield>
      <marc:subfield code="0">(DE-588)1246206420</marc:subfield>
      <marc:subfield code="4">isb</marc:subfield>
      <marc:subfield code="e">Herausgebendes Organ</marc:subfield>
    </marc:datafield>
    <marc:datafield tag="245" ind1="1" ind2="0">
      <marc:subfield code="a">White Paper - Verbesserung des Record Linkage für die Gesundheitsforschung in Deutschland</marc:subfield>
      <marc:subfield code="c">nfdi4health ; Autorenliste: Timm Intemann, Knut Kaulke, Dennis-Kenji Kipker, Vanessa Lettieri, Christoph Stallmann, Carsten O. Schmidt, Lars Geidel, Martin Bialke, Christopher Hampf, Dana Stahl, Martin Lablans, Florens Rohde, Martin Franke, Klaus Kraywinkel, Joachim Kieschke, Sebastian Bartholomäus, Anatol-Fiete Näher, Galina Tremper, Mohamed Lambarki, Stefanie March, Fabian Prasser, Anna Christine Haber, Johannes Drepper, Irene Schlünder, Toralf Kirsten, Iris Pigeot, Ulrich Sax, Benedikt Buchner, Wolfgang Ahrens, Sebastian C. Semler ; Konzept: Wolfgang Ahrens, Timm Intemann, Knut Kaulke, Iris Pigeot, Sebastian C. Semler ; Überprüfung und Überarbeitung: Wolfgang Ahrens, Johannes Drepper, Anna Christine Haber, Timm Intemann, Knut Kaulke, Toralf Kirsten, Stefanie March, Iris Pigeot, Fabian Prasser, Sebastian C. Semler</marc:subfield>
    </marc:datafield>
    <marc:datafield tag="264" ind1=" " ind2="1">
      <marc:subfield code="a">Köln</marc:subfield>
      <marc:subfield code="b">nfdi4health</marc:subfield>
      <marc:subfield code="c">August 2023</marc:subfield>
    </marc:datafield>
    <marc:datafield tag="300" ind1=" " ind2=" ">
      <marc:subfield code="a">1 Online-Ressource (167 Seiten)</marc:subfield>
      <marc:subfield code="b">Diagramme</marc:subfield>
    </marc:datafield>
    <marc:datafield tag="336" ind1=" " ind2=" ">
      <marc:subfield code="a">Text</marc:subfield>
      <marc:subfield code="b">txt</marc:subfield>
      <marc:subfield code="2">rdacontent</marc:subfield>
    </marc:datafield>
    <marc:datafield tag="337" ind1=" " ind2=" ">
      <marc:subfield code="a">Computer</marc:subfield>
      <marc:subfield code="b">c</marc:subfield>
      <marc:subfield code="2">rdamedia</marc:subfield>
    </marc:datafield>
    <marc:datafield tag="338" ind1=" " ind2=" ">
      <marc:subfield code="a">Online-Ressource</marc:subfield>
      <marc:subfield code="b">cr</marc:subfield>
      <marc:subfield code="2">rdacarrier</marc:subfield>
    </marc:datafield>
    <marc:datafield tag="500" ind1=" " ind2=" ">
      <marc:subfield code="a">Sofern nicht anders angegeben, sind die Inhalte dieses Dokuments lizenziert unter einer Creative Commons Namensnennung-Nichtkommerziell 4.0 International Lizenz (CC BY-NC 4.0)</marc:subfield>
    </marc:datafield>
    <marc:datafield tag="506" ind1="0" ind2=" ">
      <marc:subfield code="a">Open Access</marc:subfield>
      <marc:subfield code="f">Unrestricted online access</marc:subfield>
      <marc:subfield code="2">star</marc:subfield>
    </marc:datafield>
    <marc:datafield tag="520" ind1="3" ind2=" ">
      <marc:subfield code="a">Die personenbezogene Verknüpfung von unterschiedlichen, gesundheitsbezogenen Daten mit dem Ziel einen Forschungsdatensatz zu erstellen, wird als Record Linkage bezeichnet. Diese Daten zu einer Person können bei voneinander getrennten Datenhaltern vorliegen. Auf diese Weise lassen sich wissenschaftliche Fragestellungen beantworten, die wegen des beschränkten Variablenumfangs mit einer Datenquelle alleine nicht zu beantworten wären. Diese verknüpften Daten entfalten ein riesiges Potential für die Gesundheitsforschung, um Prävention, Therapie und Versorgung der Bevölkerung zu verbessern. Da es sich dabei um sensible Daten handelt, gelten strenge Rechtsvorschriften um vor potenziellen Missbrauch zu schützen.  Die derzeitigen rechtlichen Gegebenheiten schränken allerdings die Nutzung der Gesundheitsdaten für die Forschung so stark ein, dass ihr Potenzial für eine Verbesserung von Prävention und Versorgung bisher nicht ausgeschöpft werden kann. Record Linkage wird in Deutschland dadurch erschwert bzw. in vielen Fällen sogar unmöglich gemacht, dass es im Gegensatz zu Ländern keinen eindeutigen personenbezogenen Identifikator gibt, der eine Zusammenführung über verschiedene Datenkörper hinweg ermöglichen würde. Zudem sind in Deutschland interoperable Lösungen nicht vorhanden, um ein umfassendes studien- und datenkörperübergreifendes Record Linkage in einer gesicherten Umgebung durchführen zu können. Dem berechtigten Interesse auf Schutz der personenbezogenen Daten steht z. B. das Interesse entgegen, Risiken und Nutzen von Behandlungen zu erforschen und diese zur Verbesserung der gesundheitlichen Versorgung zu nutzen. Bei der Durchführung von Record Linkage-Projekten steht die Wissenschaft vor großen Herausforderungen. Oftmals wird von Datenhaltern oder Datenschützern für die Verknüpfung personenbezogener Daten die informierte Einwilligung der einzelnen Studienteilnehmenden gefordert, selbst wenn dies nicht erforderlich ist, z. B. weil klare gesetzliche Regelungen fehlen. Hinzu kommt eine unterschiedliche Auslegung der gesetzlichen Rahmenbedingungen durch Datenschutzbehörden. Zweitens erlauben die Informationen der zu verknüpfenden Datenquellen oft keine exakte Verknüpfung. So ist die Datensatzverknüpfung nicht nur ein rechtliches, sondern auch eine methodische Herausforderung. Insgesamt ist festzuhalten, dass das Record Linkage für die Gesundheitsforschung in Deutschland gegenwärtig weit hinter den Standards anderer europäischer Länder hinterherhinkt. So müssen für jeden Anwendungsfall und jedes Record Linkage-Projekt einzelfallspezifische Lösungen entwickelt, geprüft, ggf. modifiziert und – falls positiv beschieden – umgesetzt werden. Die Limitationen und Möglichkeiten dieser unterschiedlichen und spezifisch auf verschiedene Anwendungsfelder zugeschnittenen Ansätze werden diskutiert und es werden die Voraussetzungen beschrieben, die erfüllt sein müssen, um einen forschungsfreundlicheren Ansatz für die personenbezogene Datensatzverknüpfung zwischen verschiedenen Datenquellen in Deutschland zu erreichen. Dabei werden auch entsprechende Empfehlungen an den Gesetzgeber formuliert. Das White Paper soll die Grundlage für eine Verbesserung des Record Linkage für die Gesundheitsforschung in Deutschland schaffen. Es zielt darauf ab, praktikable Lösungen für die personenbezogene Datensatzverknüpfung von unterschiedlichen Datenquellen anzubieten, die im Einklang mit der europäischen Datenschutzgrundverordnung stehen.</marc:subfield>
    </marc:datafield>
    <marc:datafield tag="650" ind1=" " ind2="4">
      <marc:subfield code="a">Data Linkage</marc:subfield>
    </marc:datafield>
    <marc:datafield tag="650" ind1=" " ind2="4">
      <marc:subfield code="a">Data Sharing</marc:subfield>
    </marc:datafield>
    <marc:datafield tag="650" ind1=" " ind2="4">
      <marc:subfield code="a">FAIR-Prinzipien</marc:subfield>
    </marc:datafield>
    <marc:datafield tag="650" ind1=" " ind2="4">
      <marc:subfield code="a">Forschungsdateninfrastruktur</marc:subfield>
    </marc:datafield>
    <marc:datafield tag="650" ind1=" " ind2="4">
      <marc:subfield code="a">Unique Identifier</marc:subfield>
    </marc:datafield>
    <marc:datafield tag="700" ind1="1" ind2=" ">
      <marc:subfield code="a">Kaulke, Knut</marc:subfield>
      <marc:subfield code="d">1977-</marc:subfield>
      <marc:subfield code="0">(DE-588)1080068112</marc:subfield>
      <marc:subfield code="4">aut</marc:subfield>
      <marc:subfield code="4">edt</marc:subfield>
      <marc:subfield code="4">cur</marc:subfield>
      <marc:subfield code="e">Herausgeber</marc:subfield>
      <marc:subfield code="e">Kurator</marc:subfield>
      <marc:subfield code="e">Verfasser</marc:subfield>
    </marc:datafield>
    <marc:datafield tag="700" ind1="1" ind2=" ">
      <marc:subfield code="a">Kipker, Dennis-Kenji</marc:subfield>
      <marc:subfield code="d">1987-</marc:subfield>
      <marc:subfield code="0">(DE-588)1078867895</marc:subfield>
      <marc:subfield code="4">aut</marc:subfield>
      <marc:subfield code="e">Verfasser</marc:subfield>
    </marc:datafield>
    <marc:datafield tag="700" ind1="1" ind2=" ">
      <marc:subfield code="a">Lettieri, Vanessa</marc:subfield>
      <marc:subfield code="4">aut</marc:subfield>
      <marc:subfield code="e">Verfasser</marc:subfield>
    </marc:datafield>
    <marc:datafield tag="700" ind1="1" ind2=" ">
      <marc:subfield code="a">Stallmann, Christoph</marc:subfield>
      <marc:subfield code="d">1981-</marc:subfield>
      <marc:subfield code="0">(DE-588)1172101299</marc:subfield>
      <marc:subfield code="4">aut</marc:subfield>
      <marc:subfield code="e">Verfasser</marc:subfield>
    </marc:datafield>
    <marc:datafield tag="700" ind1="1" ind2=" ">
      <marc:subfield code="a">Schmidt, Carsten O.</marc:subfield>
      <marc:subfield code="4">aut</marc:subfield>
      <marc:subfield code="e">Verfasser</marc:subfield>
    </marc:datafield>
    <marc:datafield tag="700" ind1="1" ind2=" ">
      <marc:subfield code="a">Geidel, Lars</marc:subfield>
      <marc:subfield code="4">aut</marc:subfield>
      <marc:subfield code="e">Verfasser</marc:subfield>
    </marc:datafield>
    <marc:datafield tag="700" ind1="1" ind2=" ">
      <marc:subfield code="a">Bialke, Martin</marc:subfield>
      <marc:subfield code="0">(DE-588)1177011530</marc:subfield>
      <marc:subfield code="4">aut</marc:subfield>
      <marc:subfield code="e">Verfasser</marc:subfield>
    </marc:datafield>
    <marc:datafield tag="700" ind1="1" ind2=" ">
      <marc:subfield code="a">Hampf, Christopher</marc:subfield>
      <marc:subfield code="4">aut</marc:subfield>
      <marc:subfield code="e">Verfasser</marc:subfield>
    </marc:datafield>
    <marc:datafield tag="700" ind1="1" ind2=" ">
      <marc:subfield code="a">Stahl, Dana</marc:subfield>
      <marc:subfield code="4">aut</marc:subfield>
      <marc:subfield code="e">Verfasser</marc:subfield>
    </marc:datafield>
    <marc:datafield tag="700" ind1="1" ind2=" ">
      <marc:subfield code="a">Lablans, Martin</marc:subfield>
      <marc:subfield code="d">1984-</marc:subfield>
      <marc:subfield code="0">(DE-588)1073897540</marc:subfield>
      <marc:subfield code="4">aut</marc:subfield>
      <marc:subfield code="e">Verfasser</marc:subfield>
    </marc:datafield>
    <marc:datafield tag="700" ind1="1" ind2=" ">
      <marc:subfield code="a">Franke, Martin</marc:subfield>
      <marc:subfield code="d">1983-</marc:subfield>
      <marc:subfield code="0">(DE-588)143009141</marc:subfield>
      <marc:subfield code="4">aut</marc:subfield>
      <marc:subfield code="e">Verfasser</marc:subfield>
    </marc:datafield>
    <marc:datafield tag="700" ind1="1" ind2=" ">
      <marc:subfield code="a">Kraywinkel, Klaus Peter</marc:subfield>
      <marc:subfield code="d">1962-</marc:subfield>
      <marc:subfield code="0">(DE-588)173544371</marc:subfield>
      <marc:subfield code="4">aut</marc:subfield>
      <marc:subfield code="e">Verfasser</marc:subfield>
    </marc:datafield>
    <marc:datafield tag="700" ind1="1" ind2=" ">
      <marc:subfield code="a">Kieschke, Joachim</marc:subfield>
      <marc:subfield code="4">aut</marc:subfield>
      <marc:subfield code="e">Verfasser</marc:subfield>
    </marc:datafield>
    <marc:datafield tag="700" ind1="1" ind2=" ">
      <marc:subfield code="a">Bartholomäus, Sebastian</marc:subfield>
      <marc:subfield code="4">aut</marc:subfield>
      <marc:subfield code="e">Verfasser</marc:subfield>
    </marc:datafield>
    <marc:datafield tag="700" ind1="1" ind2=" ">
      <marc:subfield code="a">Näher, Anatol-Fiete</marc:subfield>
      <marc:subfield code="d">1982-</marc:subfield>
      <marc:subfield code="0">(DE-588)1027765971</marc:subfield>
      <marc:subfield code="4">aut</marc:subfield>
      <marc:subfield code="e">Verfasser</marc:subfield>
    </marc:datafield>
    <marc:datafield tag="700" ind1="1" ind2=" ">
      <marc:subfield code="a">Tremper, Galina</marc:subfield>
      <marc:subfield code="0">(DE-588)1177051869</marc:subfield>
      <marc:subfield code="4">aut</marc:subfield>
      <marc:subfield code="e">Verfasser</marc:subfield>
    </marc:datafield>
    <marc:datafield tag="700" ind1="1" ind2=" ">
      <marc:subfield code="a">Lambarki, Mohamed</marc:subfield>
      <marc:subfield code="4">aut</marc:subfield>
      <marc:subfield code="e">Verfasser</marc:subfield>
    </marc:datafield>
    <marc:datafield tag="700" ind1="1" ind2=" ">
      <marc:subfield code="a">March, Stefanie</marc:subfield>
      <marc:subfield code="4">aut</marc:subfield>
      <marc:subfield code="4">cur</marc:subfield>
      <marc:subfield code="e">Kurator</marc:subfield>
      <marc:subfield code="e">Verfasser</marc:subfield>
    </marc:datafield>
    <marc:datafield tag="700" ind1="1" ind2=" ">
      <marc:subfield code="a">Prasser, Fabian</marc:subfield>
      <marc:subfield code="4">aut</marc:subfield>
      <marc:subfield code="4">cur</marc:subfield>
      <marc:subfield code="e">Kurator</marc:subfield>
      <marc:subfield code="e">Verfasser</marc:subfield>
    </marc:datafield>
    <marc:datafield tag="700" ind1="1" ind2=" ">
      <marc:subfield code="a">Haber, Anna Christine</marc:subfield>
      <marc:subfield code="4">aut</marc:subfield>
      <marc:subfield code="4">cur</marc:subfield>
      <marc:subfield code="e">Kurator</marc:subfield>
      <marc:subfield code="e">Verfasser</marc:subfield>
    </marc:datafield>
    <marc:datafield tag="700" ind1="1" ind2=" ">
      <marc:subfield code="a">Drepper, Johannes</marc:subfield>
      <marc:subfield code="4">aut</marc:subfield>
      <marc:subfield code="4">cur</marc:subfield>
      <marc:subfield code="e">Kurator</marc:subfield>
      <marc:subfield code="e">Verfasser</marc:subfield>
    </marc:datafield>
    <marc:datafield tag="700" ind1="1" ind2=" ">
      <marc:subfield code="a">Schlünder, Irene</marc:subfield>
      <marc:subfield code="4">aut</marc:subfield>
      <marc:subfield code="e">Verfasser</marc:subfield>
    </marc:datafield>
    <marc:datafield tag="700" ind1="1" ind2=" ">
      <marc:subfield code="a">Kirsten, Toralf</marc:subfield>
      <marc:subfield code="4">aut</marc:subfield>
      <marc:subfield code="4">cur</marc:subfield>
      <marc:subfield code="e">Kurator</marc:subfield>
      <marc:subfield code="e">Verfasser</marc:subfield>
    </marc:datafield>
    <marc:datafield tag="700" ind1="1" ind2=" ">
      <marc:subfield code="a">Pigeot, Iris</marc:subfield>
      <marc:subfield code="d">1960-</marc:subfield>
      <marc:subfield code="0">(DE-588)172308437</marc:subfield>
      <marc:subfield code="4">aut</marc:subfield>
      <marc:subfield code="4">edt</marc:subfield>
      <marc:subfield code="4">cur</marc:subfield>
      <marc:subfield code="e">Herausgeber</marc:subfield>
      <marc:subfield code="e">Kurator</marc:subfield>
      <marc:subfield code="e">Verfasser</marc:subfield>
    </marc:datafield>
    <marc:datafield tag="700" ind1="1" ind2=" ">
      <marc:subfield code="a">Sax, Ulrich</marc:subfield>
      <marc:subfield code="d">1969-</marc:subfield>
      <marc:subfield code="0">(DE-588)124968163</marc:subfield>
      <marc:subfield code="4">aut</marc:subfield>
      <marc:subfield code="e">Verfasser</marc:subfield>
    </marc:datafield>
    <marc:datafield tag="700" ind1="1" ind2=" ">
      <marc:subfield code="a">Buchner, Benedikt</marc:subfield>
      <marc:subfield code="d">1970-</marc:subfield>
      <marc:subfield code="0">(DE-588)132422026</marc:subfield>
      <marc:subfield code="4">aut</marc:subfield>
      <marc:subfield code="e">Verfasser</marc:subfield>
    </marc:datafield>
    <marc:datafield tag="700" ind1="1" ind2=" ">
      <marc:subfield code="a">Ahrens, Wolfgang</marc:subfield>
      <marc:subfield code="d">1955-</marc:subfield>
      <marc:subfield code="0">(DE-588)137021593</marc:subfield>
      <marc:subfield code="4">aut</marc:subfield>
      <marc:subfield code="4">edt</marc:subfield>
      <marc:subfield code="4">cur</marc:subfield>
      <marc:subfield code="e">Herausgeber</marc:subfield>
      <marc:subfield code="e">Kurator</marc:subfield>
      <marc:subfield code="e">Verfasser</marc:subfield>
    </marc:datafield>
    <marc:datafield tag="700" ind1="1" ind2=" ">
      <marc:subfield code="a">Semler, Sebastian Claudius</marc:subfield>
      <marc:subfield code="d">1967-</marc:subfield>
      <marc:subfield code="0">(DE-588)131205757</marc:subfield>
      <marc:subfield code="4">aut</marc:subfield>
      <marc:subfield code="4">edt</marc:subfield>
      <marc:subfield code="4">cur</marc:subfield>
      <marc:subfield code="e">Herausgeber</marc:subfield>
      <marc:subfield code="e">Kurator</marc:subfield>
      <marc:subfield code="e">Verfasser</marc:subfield>
    </marc:datafield>
    <marc:datafield tag="856" ind1="4" ind2="0">
      <marc:subfield code="u">https://repository.publisso.de/resource/frl:6461895</marc:subfield>
      <marc:subfield code="3">Volltext</marc:subfield>
      <marc:subfield code="x">Archivierte Online-Ressource</marc:subfield>
    </marc:datafield>
    <marc:datafield tag="924" ind1="1" ind2=" ">
      <marc:subfield code="a">99373032081006441</marc:subfield>
      <marc:subfield code="b">DE-98</marc:subfield>
      <marc:subfield code="c">NRW</marc:subfield>
      <marc:subfield code="d">d</marc:subfield>
    </marc:datafield>
    <marc:datafield tag="924" ind1="1" ind2=" ">
      <marc:subfield code="a">99373032081006441</marc:subfield>
      <marc:subfield code="b">DE-38M</marc:subfield>
      <marc:subfield code="c">NRW</marc:subfield>
      <marc:subfield code="d">d</marc:subfield>
    </marc:datafield>
    <marc:datafield tag="960" ind1="1" ind2=" ">
      <marc:subfield code="i">iall</marc:subfield>
      <marc:subfield code="i">OA</marc:subfield>
    </marc:datafield>
    <marc:datafield tag="960" ind1="1" ind2=" ">
      <marc:subfield code="r">38 M: ellinet; GND: (DE-588)1246206420</marc:subfield>
    </marc:datafield>
  </marc:record>
</marc:collection>
